| 000 | 00407nam a2200145 a 4500 | ||
|---|---|---|---|
| 001 | 6022 | ||
| 003 | CDMR | ||
| 005 | 20130326121726.0 | ||
| 008 | 130220s1988||||||||||||||||||||||||||||d | ||
| 040 |
_aCDMR _bcat _cCPC LLEIDA |
||
| 110 | 1 |
_93011 _aLleida _b -- Diputació |
|
| 245 | 1 | 0 |
_aRecull pictòric de la Diputació de Lleida _cDiputació Lleida |
| 260 |
_aLleida _bDiputació de Lleida _c1988 |
||
| 942 |
_cMON _2udc |
||
| 999 |
_c6022 _d6022 |
||